| 000 | 01292nam a2200361 c 4500 | ||
|---|---|---|---|
| 001 | 52973 | ||
| 003 | ES-MaCES | ||
| 005 | 20251203131656.0 | ||
| 008 | 231222s2023 sp f 000 | spa d | ||
| 017 |
_aNA 1043-2023 _bDL |
||
| 020 | _a9788411259750 | ||
| 040 |
_aES-MaCES _bspa _cES-MaCES |
||
| 100 | 1 |
_910052 _aCosculluela Montaner, Luis |
|
| 245 | 1 | 0 |
_aManual de Derecho administrativo _pParte general I: fundamentos, fuentes, organización, potestades de la Administración Pública, el ciudadano _cLuis Cosculluela Montaner |
| 250 | _a34ª ed | ||
| 260 |
_aCizur Menor (Navarra) _bCivitas-Aranzadi _c2023 |
||
| 300 |
_a316 p. _c24 cm |
||
| 490 | 1 | _aTratados y manuales | |
| 504 | _aBibliografía | ||
| 541 | _cCompra | ||
| 650 | 4 |
_aadministración pública _927214 |
|
| 650 | 4 |
_aderecho público _927169 |
|
| 650 | 4 |
_aderecho administrativo _927155 |
|
| 650 | 4 |
_aprocedimiento administrativo _930919 |
|
| 650 | 4 |
_aEspaña _926964 |
|
| 650 | 4 |
_amanual _929264 |
|
| 653 | 1 | 0 | _aDerecho administrativo |
| 775 | 0 |
_tManual de Derecho administrativo Parte general I _w(ES-MaCES)52551 |
|
| 775 | 0 |
_tManual de Derecho administrativo Parte general II _w(ES-MaCES)52974 |
|
| 830 | 0 |
_aTratados y manuales (Civitas) _932141 |
|
| 902 | _aLIB Libro | ||
| 942 |
_2CES _cBK _h6.0.2. |
||
| 999 |
_c52973 _d52973 |
||